| 000 | 00402nam a2200145Ia 4500 | ||
|---|---|---|---|
| 999 |
_c9953 _d9953 |
||
| 008 | 201231s9999 xx 000 0 und d | ||
| 020 | _a0810464764 | ||
| 100 | _aJenkins, David | ||
| 245 | 0 |
_aDbase III : tips and tricks / _cby David Jenkins. |
|
| 260 |
_aNew Jersey _bHayden Book Company _c1986 |
||
| 300 | _a160p. | ||
| 650 | 0 | _aDatabase Management | |
| 700 |
_94532 _aJenkins, David |
||
| 942 |
_cBK _2ddc |
||